[Event "Titled Tue 24th Jun Early"]
[Site "chess.com INT"]
[Date "2025.06.24"]
[Round "3"]
[White "Zeliantsova, Kseniya"]
[Black "Germanovs, Georgijs"]
[Result "0-1"]
[WhiteTitle "WFM"]
[BlackTitle "CM"]
[WhiteElo "2062"]
[BlackElo "2260"]
[WhiteFideId "13512617"]
[BlackFideId "11609710"]
[EventDate "2025.06.24"]

1. e4 e5 2. Nf3 Nc6 3. Bb5 a6 4. Ba4 Nge7 5. O-O d6 6. c3 Bd7 7. d4 Ng6 8. Re1
Be7 9. Nbd2 O-O 10. Nf1 Re8 11. Ng3 Bf8 12. h3 Nge7 13. Bb3 h6 14. a4 g6 15. Be3
Bg7 16. Qd2 h5 17. Bh6 Rf8 18. Bxg7 Kxg7 19. Qg5 Kh7 20. dxe5 Nxe5 21. Nxe5 f6
22. Qd2 fxe5 23. Rad1 Rf6 24. Re3 Qf8 25. Qe2 Qh6 26. c4 Nc6 27. Qe1 Raf8 28.
Rd2 Nd4 29. Bd1 c5 30. b3 Qg5 31. Nh1 h4 32. g3 Bxh3 33. Kh2 Bg4 34. Bxg4 Qxg4
35. Rxd4 cxd4 36. Rd3 Rf3 37. Qd1 hxg3+ 38. fxg3 Qh5+ 39. Kg2 Rxd3 40. Qxd3 Qg5
41. Nf2 Qe3 42. Qxe3 dxe3 43. Nd3 e2 0-1

[Event "Titled Tue 24th Jun Early"]
[Site "chess.com INT"]
[Date "2025.06.24"]
[Round "3"]
[White "Matinian, Nikita"]
[Black "Bodemar, Jonathan"]
[Result "1-0"]
[WhiteTitle "GM"]
[BlackTitle "CM"]
[WhiteElo "2421"]
[BlackElo "2150"]
[WhiteFideId "24129100"]
[BlackFideId "6205488"]
[EventDate "2025.06.24"]

1. e4 e6 2. d4 d5 3. Nc3 Nf6 4. e5 Nfd7 5. f4 c5 6. Nf3 Nc6 7. Be3 Be7 8. Qd2
O-O 9. dxc5 Qa5 10. O-O-O b6 11. Bb5 Nb4 12. a3 bxc5 13. Bxd7 Bxd7 14. axb4 cxb4
15. Nb1 Rfc8 16. Nd4 Rc4 17. Qd3 Rac8 18. Rd2 Ba4 19. Kd1 Bd7 20. Ke1 Qa2 21.
Kf2 Qxb2 22. g4 Ba4 23. Rhd1 Rc3 24. Nxc3 bxc3 25. Re2 Rc4 26. f5 exf5 27. gxf5
Bf8 28. e6 fxe6 29. fxe6 Qb7 30. Rg1 Qe7 31. Qf5 Be8 32. Kf3 Bg6 33. Rxg6 hxg6
34. Qxg6 Rc7 35. Nf5 Qb4 36. Bd4 1-0

[Event "Titled Tue 24th Jun Early"]
[Site "chess.com INT"]
[Date "2025.06.24"]
[Round "3"]
[White "Hernandez Leon, Sergio"]
[Black "Barseghyan, Armen Ar."]
[Result "1-0"]
[WhiteTitle "CM"]
[BlackTitle "IM"]
[WhiteElo "2102"]
[BlackElo "2348"]
[WhiteFideId "2285622"]
[BlackFideId "13306707"]
[EventDate "2025.06.24"]

1. e4 c5 2. Nc3 Nc6 3. Bb5 Nd4 4. Nf3 e6 5. O-O Ne7 6. Nxd4 cxd4 7. Ne2 Qb6 8.
Ba4 Nc6 9. d3 Be7 10. Kh1 O-O 11. c4 d6 12. a3 e5 13. b4 f5 14. Bb3 Kh8 15. exf5
Bxf5 16. Ng3 Bg6 17. f4 Rae8 18. f5 Bf7 19. Ne4 Qc7 20. Qg4 Qd7 21. Rf3 d5 22.
cxd5 Bxd5 23. Rg3 Bf6 24. Nxf6 Rxf6 25. Bxd5 Rxf5 26. Bh6 g6 27. Be4 Rf7 28.
Qxd7 Rxd7 29. Bxc6 bxc6 30. Rc1 e4 31. dxe4 d3 32. Rd1 Rxe4 33. h3 Red4 34. Bd2
Kg8 35. Bc3 R4d5 36. Kg1 Kf7 37. Rf3+ Ke6 38. Kf2 a6 39. Ke3 Ke7 40. Kd2 Kd8 41.
Re1 Kc7 42. Ree3 c5 43. Rxd3 cxb4 44. Bxb4 Kc6 45. Rxd5 Rxd5+ 46. Rd3 Rf5 47.
Kc3 Rf2 48. g3 g5 49. Kc4 Rc2+ 50. Kd4 Rg2 51. Ke4 Rh2 52. g4 Kb5 53. Rd5+ Ka4
54. Rxg5 Rxh3 55. Ra5+ Kb3 56. Rxa6 h5 57. g5 Rg3 58. Kf4 Rg4+ 59. Kf5 Rg1 60.
Rh6 Rh1 61. g6 h4 62. g7 Rg1 63. Rg6 Rf1+ 64. Ke4 1-0

[Event "Titled Tue 24th Jun Early"]
[Site "chess.com INT"]
[Date "2025.06.24"]
[Round "3"]
[White "Milanovic, Vojislav"]
[Black "Gogolev, Artem"]
[Result "1-0"]
[WhiteTitle "IM"]
[BlackTitle "IM"]
[WhiteElo "2293"]
[BlackElo "2240"]
[WhiteFideId "905046"]
[BlackFideId "4116615"]
[EventDate "2025.06.24"]

1. e4 c6 2. Nf3 d5 3. exd5 cxd5 4. Ne5 Nc6 5. Bb5 Bd7 6. Bxc6 Bxc6 7. d4 e6 8.
O-O Bd6 9. Qh5 Qc7 10. c3 Nf6 11. Qe2 O-O 12. Bf4 b5 13. Nd2 Rfc8 14. Bg5 Ne4
15. Nxe4 dxe4 16. Nxc6 Qxc6 17. f4 f5 18. Rac1 Qc4 19. Qxc4 bxc4 20. b3 a5 21.
Bh4 cxb3 22. axb3 Rab8 23. c4 Ba3 24. Rb1 Bb4 25. Rfd1 Kf7 26. Be1 Bxe1 27. Rxe1
Rb4 28. Rec1 a4 29. bxa4 Rcxc4 30. Rxc4 Rxc4 31. Ra1 Rxd4 32. a5 Rd7 33. a6 Ra7
34. Kf2 e5 35. g3 Ke6 36. Ke3 exf4+ 37. gxf4 Kd6 38. Ra5 g6 39. h4 Kc6 40. h5
Kb6 41. Re5 Rxa6 42. h6 1-0

[Event "Titled Tue 24th Jun Early"]
[Site "chess.com INT"]
[Date "2025.06.24"]
[Round "3"]
[White "Korobov, Anton"]
[Black "Sapocinic, Semion"]
[Result "0-1"]
[WhiteTitle "GM"]
[BlackTitle "FM"]
[WhiteElo "2631"]
[BlackElo "2296"]
[WhiteFideId "14105730"]
[BlackFideId "13908693"]
[EventDate "2025.06.24"]

1. c4 e6 2. Nc3 d5 3. d4 Nf6 4. cxd5 exd5 5. Bg5 c6 6. Qc2 Bd6 7. e3 O-O 8. Bd3
h6 9. Bh4 Re8 10. Nf3 Be6 11. O-O Nbd7 12. Rae1 Rc8 13. Kh1 Be7 14. Nd2 c5 15.
f4 c4 16. Be2 Nb6 17. f5 Bd7 18. Bf3 Bc6 19. g4 Nh7 20. Bg3 Bh4 21. Bf4 Bxe1 22.
Rxe1 Ng5 23. Bg2 Qe7 24. Nf3 Nxf3 25. Bxf3 Rcd8 26. Qg2 Qh4 27. Rg1 Na4 28. Nxa4
Bxa4 29. g5 h5 30. g6 f6 31. Qg3 Qxg3 32. hxg3 Bc2 33. g4 hxg4 34. Rxg4 Bxf5 35.
Rg3 Be4 36. Kg2 Bxf3+ 37. Kxf3 b5 38. a3 a5 39. Bc7 Ra8 40. Rh3 b4 41. axb4 axb4
42. Rh5 Rec8 43. Bf4 c3 44. bxc3 bxc3 45. Rh1 c2 46. Rc1 Ra3 47. Ke2 Rac3 48.
Kd2 R3c4 49. Bd6 R8c6 50. Bc5 f5 0-1

[Event "Titled Tue 24th Jun Early"]
[Site "chess.com INT"]
[Date "2025.06.24"]
[Round "3"]
[White "Zaksaite, Salomeja"]
[Black "Vinolas Anglada, Laura"]
[Result "1-0"]
[WhiteTitle "WGM"]
[BlackTitle "WCM"]
[WhiteElo "2133"]
[BlackElo "2059"]
[WhiteFideId "12801496"]
[BlackFideId "24517925"]
[EventDate "2025.06.24"]

1. e4 e5 2. Nf3 Nc6 3. Bc4 Bc5 4. d3 Nf6 5. O-O d6 6. h3 h6 7. c3 a6 8. d4 Ba7
9. Re1 Qe7 10. a4 g5 11. dxe5 Nxe5 12. Nxe5 dxe5 13. b3 g4 14. Ba3 Bc5 15. Bxc5
Qxc5 16. h4 g3 17. Qf3 gxf2+ 18. Qxf2 Qe7 19. Rf1 Be6 20. Bxe6 Qxe6 21. Qxf6
Qxf6 22. Rxf6 Ke7 23. Rf5 f6 24. Nd2 Rad8 25. Rf2 Rd3 26. c4 Rhd8 27. Rd1 f5 28.
exf5 e4 29. Re1 Rxd2 30. Rxe4+ Kf7 31. Re6 Rxf2 32. Kxf2 Rd3 33. Rxh6 Rxb3 34.
g4 Rb4 35. Rh7+ Kg8 36. Rxc7 Rxa4 37. f6 Rb4 38. g5 a5 39. g6 a4 40. Rc8# 1-0

[Event "Titled Tue 24th Jun Early"]
[Site "chess.com INT"]
[Date "2025.06.24"]
[Round "3"]
[White "Parfenov, Viktor N."]
[Black "Burovic, Rijad"]
[Result "0-1"]
[WhiteTitle "CM"]
[BlackTitle "IM"]
[WhiteElo "2193"]
[BlackElo "2420"]
[WhiteFideId "4165969"]
[BlackFideId "14407701"]
[EventDate "2025.06.24"]

1. d4 g6 2. e4 Bg7 3. Nc3 d6 4. Bg5 a6 5. Nf3 b5 6. Bd3 Bb7 7. a4 b4 8. Ne2 Nd7
9. Qd2 a5 10. c3 c5 11. Ng3 Ngf6 12. O-O O-O 13. Rfe1 cxd4 14. cxd4 e5 15. Bb5
exd4 16. Nxd4 Nc5 17. Rad1 Rc8 18. Qf4 h6 19. Bxh6 Bxh6 20. Qxh6 Nfxe4 21. Bc4
Qg5 22. Qxg5 Nxg5 23. b3 d5 24. Bb5 Nge4 25. f3 Nc3 26. Rd2 Ba6 27. Re7 Bxb5 28.
axb5 Rfe8 29. Ra7 Ra8 30. Rc7 Rec8 31. Re7 Kf8 32. Re5 Re8 33. Rxe8+ Rxe8 34. h4
Re1+ 35. Kh2 Rb1 36. b6 Ke7 37. Nge2 Kd6 38. Nxc3 bxc3 39. Rc2 Nxb3 40. b7 Nxd4
41. Rxc3 Rxb7 0-1

[Event "Titled Tue 24th Jun Early"]
[Site "chess.com INT"]
[Date "2025.06.24"]
[Round "3"]
[White "Arslanov, Shamil"]
[Black "Papacek, Stepan"]
[Result "1-0"]
[WhiteTitle "IM"]
[BlackTitle "FM"]
[WhiteElo "2410"]
[BlackElo "2225"]
[WhiteFideId "4192826"]
[BlackFideId "301035"]
[EventDate "2025.06.24"]

1. d4 e6 2. e4 d5 3. Be3 dxe4 4. f3 Nc6 5. Bb5 Bd7 6. Nc3 a6 7. Bxc6 Bxc6 8.
fxe4 Bb4 9. Nf3 Nf6 10. O-O Bxc3 11. bxc3 Nxe4 12. Ne5 O-O 13. Qd3 f5 14. c4 Be8
15. Rab1 b5 16. a4 c6 17. Rf4 Kh8 18. Rxe4 fxe4 19. Qxe4 Rb8 20. axb5 axb5 21.
Bf4 Qf6 22. g3 Qf5 23. Qxf5 exf5 24. d5 Rc8 25. d6 Rd8 26. c5 Bd7 27. Ra1 Kg8
28. Ra7 Rf7 29. Nxf7 Kxf7 30. Bg5 Ke8 31. Bxd8 Kxd8 32. Ra8+ Bc8 33. Kf2 g5 34.
h4 h6 35. Ke3 Kd7 36. Ra7+ Kd8 37. Rh7 f4+ 38. gxf4 g4 39. Rxh6 Bf5 40. Rh8+ Kd7
41. Rf8 Ke6 42. Rxf5 Kxf5 43. d7 1-0

[Event "Titled Tue 24th Jun Early"]
[Site "chess.com INT"]
[Date "2025.06.24"]
[Round "3"]
[White "Terkiewicz, Bruno"]
[Black "Anupam, M Sreekumar"]
[Result "1-0"]
[WhiteTitle "CM"]
[BlackTitle "WCM"]
[WhiteElo "2183"]
[BlackElo "1943"]
[WhiteFideId "21093245"]
[BlackFideId "45033501"]
[EventDate "2025.06.24"]

1. e4 e5 2. Nf3 Nc6 3. Bc4 Nf6 4. Qe2 Be7 5. c3 O-O 6. d3 h6 7. Nbd2 Re8 8. Nf1
d5 9. Bb3 Bf8 10. h3 Be6 11. g4 dxe4 12. dxe4 Bxb3 13. axb3 Ne7 14. Ng3 Ng6 15.
Qc2 c6 16. Be3 Qc7 17. Ne2 b6 18. Nd2 Rad8 19. f3 Nf4 20. Nxf4 exf4 21. Bd4 c5
22. Bxf6 gxf6 23. Ke2 Rd7 24. Nc4 b5 25. Na3 Qc6 26. Rhd1 Red8 27. Rxd7 Rxd7 28.
Rd1 b4 29. Nc4 Qb5 30. Rxd7 Qxd7 31. Qd3 1-0

[Event "Titled Tue 24th Jun Early"]
[Site "chess.com INT"]
[Date "2025.06.24"]
[Round "3"]
[White "Ejsymont, Blanka"]
[Black "Harshit, Ranjan Sahu"]
[Result "0-1"]
[WhiteTitle "WCM"]
[BlackTitle "CM"]
[WhiteElo "1984"]
[BlackElo "2191"]
[WhiteFideId "21088268"]
[BlackFideId "25638815"]
[EventDate "2025.06.24"]

1. f4 Nf6 2. Nf3 g6 3. g3 Bg7 4. Bg2 O-O 5. O-O d6 6. d3 Nc6 7. e4 e5 8. Nc3 Bg4
9. h3 Bxf3 10. Bxf3 Nd4 11. Be3 c6 12. Bxd4 exd4 13. Ne2 Nd7 14. g4 Qb6 15. b3
Rae8 16. f5 Ne5 17. Nf4 Bh6 18. Ng2 a5 19. a4 f6 20. Qe1 Kg7 21. h4 Be3+ 22.
Nxe3 dxe3 23. Qe2 Qc5 24. Rad1 d5 25. d4 Nxf3+ 26. Rxf3 Qe7 27. e5 fxe5 28. Rxe3
e4 29. fxg6 Qxh4 30. gxh7 Rf4 31. Rd2 Kh8 32. Qh2 Rxg4+ 33. Rg2 Qxh2+ 34. Kxh2
Rxg2+ 35. Kxg2 Kxh7 36. c4 Kg6 37. cxd5 cxd5 38. Rc3 Kf5 39. Rc7 e3 40. Kf1 Ke4
41. Rxb7 Kd3 42. Rh7 Kd2 43. Rh2+ e2+ 44. Kg1 Rg8+ 45. Kh1 Kd1 46. Rxe2 Kxe2 47.
b4 axb4 48. a5 b3 49. a6 b2 50. a7 b1=Q+ 0-1

[Event "Titled Tue 24th Jun Early"]
[Site "chess.com INT"]
[Date "2025.06.24"]
[Round "3"]
[White "Golsta, Madara"]
[Black "Delorme, Axel"]
[Result "0-1"]
[BlackTitle "GM"]
[WhiteElo "2008"]
[BlackElo "2475"]
[WhiteFideId "11607386"]
[BlackFideId "632023"]
[EventDate "2025.06.24"]

1. e4 c5 2. Nf3 d6 3. d4 cxd4 4. Nxd4 Nf6 5. Nc3 a6 6. Be2 e5 7. Nb3 Be6 8. f4
Be7 9. f5 Bd7 10. Bg5 Bc6 11. Bxf6 Bxf6 12. Qd3 Bg5 13. Nd2 b5 14. O-O-O Nd7 15.
Kb1 Nc5 16. Qf3 b4 17. Nd5 Bxd5 18. exd5 Bxd2 19. Rxd2 O-O 20. Bd3 Re8 21. Be4
a5 22. h4 a4 23. g4 b3 24. g5 f6 25. h5 Qa5 26. Rg2 bxa2+ 27. Kxa2 Qb4 28. gxf6
Reb8 29. Rxg7+ Kh8 30. Rb1 Nxe4 31. Rg4 Qb3+ 32. Ka1 Nd2 0-1

[Event "Titled Tue 24th Jun Early"]
[Site "chess.com INT"]
[Date "2025.06.24"]
[Round "3"]
[White "Goryachkina, Aleksandra"]
[Black "Andrade, Ivan"]
[Result "0-1"]
[WhiteTitle "GM"]
[BlackTitle "FM"]
[WhiteElo "2533"]
[BlackElo "2144"]
[WhiteFideId "4147103"]
[BlackFideId "14800039"]
[EventDate "2025.06.24"]

1. e4 c5 2. Nf3 d6 3. d4 cxd4 4. Nxd4 Nf6 5. Nc3 a6 6. h3 e5 7. Nb3 h5 8. Be3
Be6 9. Qd2 Be7 10. O-O-O Nbd7 11. f4 b5 12. f5 Bc4 13. Kb1 Rc8 14. Bd3 Qc7 15.
a3 Nb6 16. Qe2 h4 17. Bxb6 Qxb6 18. Ka1 a5 19. Bxc4 bxc4 20. Nd2 Qc6 21. Ndb1
Rb8 22. Nd2 Rc8 23. Rhf1 O-O 24. Nf3 Rb8 25. Nxh4 Rb7 26. Nf3 Rfb8 27. Rb1 d5
28. exd5 Nxd5 29. Nxd5 Qxd5 30. Qxe5 Qd7 31. c3 Bf6 32. Qe2 Qa4 33. Qd1 Rb3 34.
Ka2 Bxc3 35. Rf2 Bxb2 0-1

[Event "Titled Tue 24th Jun Early"]
[Site "chess.com INT"]
[Date "2025.06.24"]
[Round "3"]
[White "Dobre, Claudiu-Cristian"]
[Black "Dighton, Simon"]
[Result "1-0"]
[WhiteTitle "IM"]
[BlackTitle "CM"]
[WhiteElo "2287"]
[BlackElo "2237"]
[WhiteFideId "1211854"]
[BlackFideId "408603"]
[EventDate "2025.06.24"]

1. d4 Nf6 2. Nf3 d5 3. e3 Bg4 4. c4 c6 5. Nc3 e6 6. h3 Bxf3 7. Qxf3 Be7 8. Bd3
dxc4 9. Bxc4 Nbd7 10. O-O e5 11. Rd1 Qc7 12. Qe2 O-O 13. d5 cxd5 14. Nxd5 Nxd5
15. Bxd5 Nf6 16. Bb3 Rfd8 17. Rxd8+ Rxd8 18. e4 Qc6 19. Bg5 Bc5 20. Rc1 b6 21.
Rc3 Rd4 22. Bxf6 gxf6 23. Qh5 Qd7 24. Qh6 Rd3 25. Rxd3 Qxd3 26. Qxf6 Qd7 27.
Qxe5 Bd4 28. Qg5+ Kf8 29. Qd2 Qd6 30. Bd5 Qe5 31. b3 Bc3 32. Qh6+ Ke7 33. Qxh7
Bb4 34. Qxf7+ Kd6 35. f4 Qa1+ 36. Kh2 Bd2 37. e5+ Kc5 38. Bf3 Kd4 39. Qc4+ Ke3
40. Qe4+ Kf2 41. Qe2# 1-0

[Event "Titled Tue 24th Jun Early"]
[Site "chess.com INT"]
[Date "2025.06.24"]
[Round "3"]
[White "Zmijanac, Dusko"]
[Black "Brancaleoni, Maurizio"]
[Result "1-0"]
[WhiteTitle "FM"]
[BlackTitle "FM"]
[WhiteElo "2007"]
[BlackElo "2185"]
[WhiteFideId "908762"]
[BlackFideId "803022"]
[EventDate "2025.06.24"]

1. d4 Nf6 2. Bg5 d5 3. e3 c5 4. Nc3 cxd4 5. exd4 Bg4 6. Be2 Bxe2 7. Ngxe2 e6 8.
O-O Be7 9. Qd3 O-O 10. a3 Nc6 11. Rfd1 Rc8 12. h3 h6 13. Be3 a6 14. b4 Nd7 15.
Na4 Nb6 16. Nc5 Bxc5 17. bxc5 Nc4 18. Rdb1 b6 19. cxb6 Nxb6 20. Qxa6 Nc4 21. Nc3
Ne7 22. Rb3 Nf5 23. Re1 Ra8 24. Qb5 Nxa3 25. Qd3 Nc4 26. Reb1 Qf6 27. Ne2 Nfxe3
28. fxe3 Qg6 29. Qxg6 fxg6 30. Nf4 Nd2 31. Nxg6 Rfe8 32. Nf4 Nxb1 33. Rxb1 Ra2
34. Rb6 Kf7 35. Rc6 Re7 36. Kh2 Ra3 37. Nd3 Rea7 38. Ne5+ Ke7 39. c4 dxc4 40.
Nxc4 Rc3 41. Ne5 Rc7 42. Rxc7+ Rxc7 43. Kg3 Kf6 44. Kf4 Rc2 45. Kf3 h5 46. h4 g5
47. hxg5+ Kxg5 48. g3 Kf5 49. Nd3 Rc3 50. Nf4 e5 51. dxe5 Kxe5 52. Nxh5 Rc1 53.
Nf4 Rf1+ 54. Kg2 Re1 55. Kf3 Rf1+ 56. Kg2 Re1 57. Nd3+ Ke4 58. Nxe1 Kxe3 59. Kh3 1-0

[Event "Titled Tue 24th Jun Early"]
[Site "chess.com INT"]
[Date "2025.06.24"]
[Round "3"]
[White "Sethuraman, Roshan"]
[Black "Emeliantsev, Anatoliy"]
[Result "1/2-1/2"]
[BlackTitle "FM"]
[WhiteElo "2074"]
[BlackElo "2359"]
[WhiteFideId "30965250"]
[BlackFideId "4160681"]
[EventDate "2025.06.24"]

1. e4 c5 2. Nf3 Nc6 3. d4 cxd4 4. Nxd4 Nf6 5. Nc3 e5 6. Ndb5 d6 7. Bg5 a6 8. Na3
b5 9. Bxf6 gxf6 10. Nd5 Bg7 11. Bd3 Ne7 12. c4 Nxd5 13. cxd5 f5 14. f3 O-O 15.
O-O f4 16. Rc1 Kh8 17. Nc2 Qh4 18. Qe1 Qh5 19. Nb4 Bf6 20. Qd2 Rg8 21. Rc2 Bh4
22. Qc1 Bg3 23. hxg3 fxg3 24. Rd1 Qh2+ 25. Kf1 Qh1+ 26. Ke2 Qxg2+ 27. Ke3 Qh3
28. Rg1 g2 29. Qe1 Bg4 30. Be2 Qh6+ 31. Kd3 Bh3 32. Qf2 Rac8 33. Nc6 f5 34. b3
fxe4+ 35. fxe4 Rcf8 36. Qe3 Qh4 37. Kd2 Rg3 38. Qa7 Qxe4 39. Qe7 Rfg8 40. Qf6+
R8g7 41. Qf8+ Rg8 42. Qf6+ R8g7 43. Qf8+ Rg8 44. Qf6+ 1/2-1/2

[Event "Titled Tue 24th Jun Early"]
[Site "chess.com INT"]
[Date "2025.06.24"]
[Round "3"]
[White "Lugo, Blas"]
[Black "Sailer, Mike"]
[Result "1-0"]
[WhiteTitle "IM"]
[WhiteElo "2399"]
[BlackElo "2108"]
[WhiteFideId "2011263"]
[BlackFideId "2012901"]
[EventDate "2025.06.24"]

1. e4 d5 2. exd5 Qxd5 3. Nc3 Qd6 4. Nf3 c6 5. d4 Bf5 6. Bc4 Nf6 7. O-O e6 8. Ne5
Nbd7 9. Bf4 Nxe5 10. dxe5 Qxd1 11. Raxd1 Nd5 12. Nxd5 exd5 13. Bd3 Bxd3 14. cxd3
Be7 15. d4 O-O-O 16. Be3 f6 17. f4 f5 18. a3 h6 19. b4 b5 20. Rc1 Kb7 21. Rf3 g6
22. Kf2 Ra8 23. Bd2 h5 24. Ke2 h4 25. Rfc3 Rac8 26. Be1 Rh5 27. Bf2 Bd8 28. Rg1
a5 29. Rh3 axb4 30. axb4 Ra8 31. g4 hxg3 32. Rxh5 gxh5 33. Rxg3 Ra2+ 34. Kf1 Rb2
35. Rg7+ Kb6 36. Rf7 Rxb4 37. Rxf5 Rb1+ 38. Kg2 b4 39. Rf8 Bc7 40. e6 Bd6 41.
Rd8 b3 42. Rxd6 b2 43. e7 Rg1+ 44. Bxg1 b1=Q 45. e8=Q Qc2+ 46. Bf2 1-0

[Event "Titled Tue 24th Jun Early"]
[Site "chess.com INT"]
[Date "2025.06.24"]
[Round "3"]
[White "Cherukuri, Nitesh"]
[Black "Piesik, Piotr"]
[Result "0-1"]
[WhiteTitle "CM"]
[BlackTitle "IM"]
[WhiteElo "2171"]
[BlackElo "2436"]
[WhiteFideId "30978688"]
[BlackFideId "1136194"]
[EventDate "2025.06.24"]

1. b3 e5 2. Bb2 d6 3. g3 c5 4. Bg2 Nc6 5. d3 f5 6. Nd2 Nf6 7. e4 g6 8. Ne2 Bg7
9. O-O O-O 10. exf5 Bxf5 11. Ne4 Qd7 12. Qd2 Bg4 13. N2c3 Nd4 14. f3 Nxe4 15.
fxe4 h5 16. Nd5 Kh7 17. Bxd4 cxd4 18. Qg5 Qe6 19. Nc7 Qd7 20. Nxa8 Bh6 21. Qxh6+
Kxh6 22. Rxf8 Qc6 23. Raf1 Qxc2 24. h4 Be6 25. R1f6 Qxd3 26. Rxe6 Qxg3 27. Rff6
Qe1+ 28. Kh2 Qxh4+ 29. Bh3 Qxe4 30. Rxg6+ Qxg6 31. Rxg6+ Kxg6 32. Nc7 e4 33. Ne6
d3 34. Bf1 Kf5 35. Ng7+ Kg4 36. Ne8 Kf3 37. Kg1 d2 38. Nxd6 d1=Q 39. Nf5 e3 40.
Nh4+ Ke4 41. Ng2 e2 0-1

[Event "Titled Tue 24th Jun Early"]
[Site "chess.com INT"]
[Date "2025.06.24"]
[Round "3"]
[White "Otdelnov, Kirill"]
[Black "Kozak, Antoni"]
[Result "0-1"]
[WhiteTitle "FM"]
[WhiteElo "2273"]
[BlackElo "2426"]
[WhiteFideId "24280216"]
[BlackFideId "21832030"]
[EventDate "2025.06.24"]

1. Nf3 f5 2. d4 Nf6 3. c4 g6 4. e3 a5 5. Nc3 Bg7 6. Be2 O-O 7. b3 b6 8. Bb2 Bb7
9. O-O e6 10. a3 d6 11. b4 Nbd7 12. bxa5 Rxa5 13. a4 h6 14. Qb3 Kh7 15. Ba3 Ra8
16. Bb4 c5 17. Ba3 Ne4 18. Bb2 Ng5 19. d5 Nxf3+ 20. Bxf3 e5 21. a5 Ba6 22. Nb5
Bxb5 23. Qxb5 bxa5 24. Bc3 e4 25. Bxg7 Kxg7 26. Be2 Qc7 27. Qb2+ Ne5 28. Ra4
Rfb8 29. Qc3 Rb4 30. Rfa1 Rxa4 31. Rxa4 Qb6 32. f4 exf3 33. gxf3 Kf7 34. Kf2 Nd7
35. h4 Nf6 36. Qa1 Qd8 37. Qc3 Nh5 38. Kf1 Qxh4 39. Rxa5 Ng3+ 40. Kg2 Nxe2 0-1

[Event "Titled Tue 24th Jun Early"]
[Site "chess.com INT"]
[Date "2025.06.24"]
[Round "3"]
[White "Stepanencu, Nicodim-Cosmin"]
[Black "Burmakin, Evgeniy"]
[Result "0-1"]
[WhiteTitle "FM"]
[BlackTitle "FM"]
[WhiteElo "2318"]
[BlackElo "2110"]
[WhiteFideId "1256220"]
[BlackFideId "4163729"]
[EventDate "2025.06.24"]

1. b3 e5 2. Bb2 Nc6 3. c4 Nf6 4. e3 a6 5. a3 d5 6. cxd5 Nxd5 7. Qc2 Be6 8. Nf3
f6 9. d4 exd4 10. Nxd4 Nxd4 11. Bxd4 c5 12. Bb2 Qd7 13. Nd2 Be7 14. Bd3 g6 15.
Rd1 Rd8 16. Ne4 Kf7 17. Nxc5 Bxc5 18. Qxc5 Rc8 19. Qd4 Qe7 20. O-O Rhd8 21. Qh4
Kg7 22. Rd2 Nc3 23. h3 Bxb3 24. Rc1 Rxd3 25. Rxd3 Ne2+ 26. Kh2 Nxc1 27. Rd2 Be6
28. Qf4 Nb3 29. Rd6 Rc6 30. Rd3 Nc5 31. Rd2 Bf5 32. g4 Ne4 33. Rd1 Bc8 0-1

[Event "Titled Tue 24th Jun Early"]
[Site "chess.com INT"]
[Date "2025.06.24"]
[Round "3"]
[White "Andreikin, Dmitry"]
[Black "Csonka, Balazs"]
[Result "1-0"]
[WhiteTitle "GM"]
[BlackTitle "IM"]
[WhiteElo "2695"]
[BlackElo "2467"]
[WhiteFideId "4158814"]
[BlackFideId "742910"]
[EventDate "2025.06.24"]

1. d4 Nf6 2. c4 e6 3. Nc3 Bb4 4. e3 O-O 5. Bd3 Re8 6. Nf3 Bxc3+ 7. bxc3 d6 8.
O-O e5 9. dxe5 dxe5 10. Nxe5 Qe7 11. Nf3 Bg4 12. h3 Bh5 13. Be2 Nbd7 14. Nd4
Bxe2 15. Qxe2 c5 16. Nf3 Qe6 17. a4 Nb6 18. a5 Nxc4 19. Ra4 Ne5 20. Nxe5 Qxe5
21. c4 Qe6 22. Bb2 Ne4 23. Rd1 Rad8 24. Raa1 f6 25. Qc2 h5 26. Rd3 Qf5 27. Rdd1
Qe6 28. Qb3 b6 29. axb6 axb6 30. Qc2 Rxd1+ 31. Rxd1 Nd6 32. Rd5 b5 33. Rxh5 Nxc4
34. Bxf6 Kf7 35. Bxg7 Qg6 36. Qd1 Kxg7 37. Qd7+ Kg8 38. Rxc5 Ne5 39. Qxb5 Nf3+
40. Kh1 1-0

[Event "Titled Tue 24th Jun Early"]
[Site "chess.com INT"]
[Date "2025.06.24"]
[Round "3"]
[White "Bezuch, Martin"]
[Black "Medina, VInce Angelo"]
[Result "0-1"]
[WhiteTitle "FM"]
[WhiteElo "2238"]
[BlackElo "2138"]
[WhiteFideId "14906333"]
[BlackFideId "5205069"]
[EventDate "2025.06.24"]

1. Nf3 d5 2. g3 Bg4 3. Bg2 c6 4. d3 e6 5. Nbd2 Nd7 6. e4 g6 7. O-O Bg7 8. h3
Bxf3 9. Bxf3 Ne7 10. Qe2 O-O 11. Re1 Re8 12. c3 a5 13. d4 c5 14. exd5 Nxd5 15.
dxc5 Nxc5 16. Nb3 Nxb3 17. axb3 Qd7 18. Bg5 h6 19. Bd2 Kh7 20. h4 h5 21. Red1
Qc7 22. Bg5 Nf6 23. Qc4 Qe7 24. Qb5 e5 25. Qxb7 Qe6 26. Qb5 e4 27. Bg2 Ng4 28.
Qc4 Qf5 29. Qe2 Rab8 30. Ra4 e3 31. fxe3 Rxb3 32. Rf4 Qe5 33. Qc4 Rxb2 34. Rxf7
Qxg3 35. Rxg7+ Kxg7 36. Rd7+ Kh8 37. Qd4+ Qe5 0-1

[Event "Titled Tue 24th Jun Early"]
[Site "chess.com INT"]
[Date "2025.06.24"]
[Round "3"]
[White "Mecit, Emre"]
[Black "Arya G Mallar"]
[Result "0-1"]
[BlackTitle "WCM"]
[WhiteElo "2007"]
[BlackElo "2000"]
[WhiteFideId "6304214"]
[BlackFideId "25115324"]
[EventDate "2025.06.24"]

1. e4 c5 2. Nf3 d6 3. d4 cxd4 4. Nxd4 Nf6 5. Nc3 g6 6. Be3 Bg7 7. f3 O-O 8. Qd2
Nc6 9. O-O-O d5 10. Kb1 Nxd4 11. e5 Nd7 12. Bxd4 Nxe5 13. Qe3 Nc6 14. Bxg7 Kxg7
15. Nxd5 Qa5 16. h4 h5 17. g4 Be6 18. Bc4 Rfd8 19. gxh5 Bxd5 20. Bxd5 Rxd5 21.
hxg6 fxg6 22. Rdg1 Rad8 23. Qe4 R8d6 24. a3 Qc5 25. h5 Rxh5 26. Rxh5 Qxg1+ 27.
Ka2 gxh5 28. Qf5 Qg6 29. Qc5 Qe6+ 30. b3 Qd5 31. Qf2 Qg5 32. Kb2 Rd2 33. Qf1
Qe5+ 34. Kb1 Qc3 35. Qg1+ Kf8 36. Qc1 Nd4 37. a4 Nxc2 38. Qb2 0-1